000 00233nam a2200097Ia 4500
008 240331s9999 xx 000 0 und d
082 _bNEW
100 _aRobert, . ed
245 4 _aThe new encyclopaedia Britannica :
_bvol. 27
942 _cL
999 _c3291
_d3291